|
|
|
|
| LEADER |
00000cas a22000001a 4500 |
| 001 |
vtls010300348 |
| 003 |
SK-MaSNL |
| 005 |
20260228163324.0 |
| 008 |
110810d19411941xo sr p 0 b0slo |
| 040 |
|
|
|a SNK
|b slo
|c SNK
|e AACR2
|
| 041 |
0 |
|
|a slo
|
| 044 |
|
|
|a xo
|c SK
|
| 072 |
|
7 |
|a 63
|x Poľnohospodárstvo a príbuzné oblasti vedy a techniky
|2 konspekt
|
| 080 |
|
|
|a 631
|2 2011
|
| 080 |
|
|
|a (437.672)
|2 2011
|
| 245 |
0 |
0 |
|a Poľnohospodár
|b úradný orgán Okresného hospodárskeho spolku v Michalovciach
|
| 260 |
|
|
|a Michalovce
|b Okresný hospodársky spolok v Michalovciach
|c 1941
|f Kníhtlač. Andrej, fil. v Prešove
|
| 300 |
|
|
|a 1 zv.
|c 31 cm
|
| 310 |
|
|
|a 2x mesačne
|
| 362 |
0 |
|
|a Roč. (I), č. 1 (5.7.1941)-č. 6 (20.9.1941)
|
| 500 |
|
|
|a Zmena podnázvu: od 3/I (5. 8. 1941) Regionálny hospodársky, sociálny a kultúrny časopis pre roľníkov
|
| 500 |
|
|
|a Zodpovedný redaktor: Alexander Kantor
|
| 500 |
|
|
|a Zanikol keď mu vyhl. NÚZ 562 Úr. nov. z 29. 12. 1942 zakázala používať papier a tlačiarenské práce
|
| 500 |
|
|
|a Povolené vydávanie výmerom Okr. úradu v Michalovciach čís. 10 953/1941
|
| 520 |
|
|
|a Regionálny dvojtýždenník pre poľnohospodárov, ktorý chcel byť spoločenským časopisom oblasti
|
| 650 |
0 |
7 |
|a poľnohospodárstvo
|2 SNKPH
|9 679
|
| 650 |
0 |
7 |
|a hospodárske spolky
|2 SNKPH
|9 58431
|
| 651 |
|
|
|a Michalovce (Slovensko)
|2 SNKPPHgeo
|9 22487
|
| 655 |
|
7 |
|a regionálne časopisy
|2 SNKPH
|9 265646
|
| 700 |
1 |
|
|a Kantor, Alexander
|4 pbd
|9 273675
|
| 910 |
|
|
|a snk
|
| 916 |
|
|
|a 1941
|
| 999 |
|
|
|c 9237
|d 11167
|
| 952 |
|
|
|0 0
|1 0
|4 0
|7 0
|8 5
|a SNK
|b SNK
|d 2022-06-01
|f 1
|i snkXI. 1920/55
|l 0
|o snkČSB 984/1941
|p 17A0749787
|r 2026-02-21 20:02:46
|t č. 1-6
|w 2026-02-21
|y PREZ
|
| 952 |
|
|
|0 0
|1 0
|4 0
|7 0
|8 5
|a SNK
|b SNK
|d 2022-06-01
|i snkF 1257/68
|l 0
|o snkČSB 984/1941
|p 17A1463111
|r 2026-02-21 20:02:46
|t č. 1-6
|w 2026-02-21
|y PREZ
|